| 000 | 00760nam a2200229 a 4500 | ||
|---|---|---|---|
| 001 | 73362 | ||
| 003 | BD-RjUL | ||
| 005 | 20211209082403.0 | ||
| 008 | 170530s1948 enkk 000 0 eng d | ||
| 035 | _a(BD-RjUL)73580 | ||
| 040 |
_dBD-RjUL _beng _aBD-RjUL _cBD-RjUL |
||
| 041 | _aeng | ||
| 082 |
_223 _a657.863 _bBRF 1948 |
||
| 100 | 1 |
_aBray, F. Sewell _q(Frank Sewell) _9216993 |
|
| 245 | 1 | 0 |
_aFarm accounts / _cby F. Sewell Bray and C. V. Dawe |
| 260 |
_aLondon : _bPublished for the Incorporated Accountants' Research Committee by Oxford University Press, _c1948. |
||
| 300 |
_aix, 149 p. : _bill. ; _c22 cm. |
||
| 500 | _aIncludes index | ||
| 650 | 0 |
_aAgriculture _xAccounting _9216994 |
|
| 700 | 1 |
_aDawe, C. V. _q(Charles Vivian). _9216995 |
|
| 942 |
_2ddc _cBK |
||
| 999 |
_c73362 _d73362 |
||